Le fantôme de la liberté

Από την Ισπανία του 1808 μέχρι μία σύγχρονη διαδήλωση, μια σειρά από χαλαρά συνδεδεμένα μεταξύ τους επεισόδια σαρκάζουν την αστική τάξη και τις ιδέεες της περί ηθικής και ελευθερίας....

Πλήρης περιγραφή

Αποθηκεύτηκε σε:
Λεπτομέρειες βιβλιογραφικής εγγραφής
Άλλοι συγγραφείς: Buñuel, Luis, 1900-1983 (Διευθυντής), Brialy, Jean-Claude (Ηθοποιός), Celi, Adolfo, 1922-1986 (Ηθοποιός), Piccoli, Michel, 1925- (Ηθοποιός)
Μορφή: Διαφάνειες
Γλώσσα:French
Δημοσίευση: [S.l.] : Studio Canal, c2005.
Σειρά:Collection Luis Buñuel
Θέματα:
Ετικέτες: Προσθήκη ετικέτας
Δεν υπάρχουν, Καταχωρήστε ετικέτα πρώτοι!

MARC

LEADER 00000cgm a2200000 i 4500
001 1/23188
008 121003s2005 fr ||| | || ||fre||
035 |l 10113195 
040 |a GR-MyUa  |b gre  |e AACR2 
041 0 |a fre 
082 7 |a 791.437   |2 (22) 
245 0 3 |a Le fantôme de la liberté   |h [μαγνητοσκόπηση] /   |c un film de Luis Buñuel.  
260 |a [S.l.] :   |b Studio Canal,   |c c2005. 
300 |a 1 βιντεοδίσκος (100 λεπτ.) :   |b ομίλ., έγχρ. ;   |c 4 3/4 ίν. 
490 1 |a (Collection Luis Buñuel) 
500 |a Κυκλοφόρησε πρώτη φορά ως κινηματογραφική ταινία το 1974. 
501 |a Στην κασετίνα με: Le charme discret de la bourgeoisie.  
508 |a Σενάριο, Luis Buñuel ; φωτογραφία, Edmond Richard ; μοντάζ, Helene Plemiannikov ; παραγωγή, Serge Silberman.  
511 0 |a Adriana Asti, Julien Bertheau, Jean-Claude Brialy, Adolfo Celi, Paul Frankeur, Michel Lonsdale, Pierre Maguelon, Francois Maistre, Helene Perdriere, Michel Piccoli, Claude Pieplu, Jean Rocheroft, Bernard Verley, Milena Vukotic, Monika Vitti.  
520 8 |a Από την Ισπανία του 1808 μέχρι μία σύγχρονη διαδήλωση, μια σειρά από χαλαρά συνδεδεμένα μεταξύ τους επεισόδια σαρκάζουν την αστική τάξη και τις ιδέεες της περί ηθικής και ελευθερίας.  
546 |a Στα γαλλικά χωρίς ελληνικούς υπότιτλους. 
650 0 |a Surrealism  |v Drama. 
655 7 |a Feature films  |2 lcgft 
700 1 |a Buñuel, Luis,   |d 1900-1983,  |e drt 
700 1 |a Brialy, Jean-Claude,  |e act 
700 1 |a Celi, Adolfo,   |d 1922-1986,  |e act 
700 1 |a Piccoli, Michel,   |d 1925-  |e act 
830 0 |a Collection Luis Buñuel 
852 |a INST  |b SYROS  |c AV  |e 20121003  |h 791.437 BUN  |p 005500010443  |q 005500010443  |t DVD  |y 23 
901 |a BIBL5-2008-1 
920 |a Αναμόρφωση  |b ΕΠΕΑΕΚ ΙΙ-ΤΜΣΠΣ  |y Σύρος  |z 2006-06 
970 |a Κοντού  |b Παρασκευή  |z 03/10/2012